| 000 | 00721cam a2200193 4500 | ||
|---|---|---|---|
| 001 | ABS62694 | ||
| 008 | 000000n2000 000 0 eng u | ||
| 035 | _a(Sirsi) u107843 | ||
| 245 | _aSurveying lifts | ||
| 260 | _c2000 | ||
| 490 |
_aASI Journal _v12(3) August 2000, 26-27(2) |
||
| 520 | _aReprints a flow chart produced by lift and escalator engineers (LECS) to help surveyors take into consideration the requirements of lifts within a building. The chart is aimed at surveys of new and existing sites. | ||
| 590 | _aABS | ||
| 650 | _aLIFTS | ||
| 650 | _aBUILT ENVIRONMENT-BUILDING MAINTENANCE AND REFURBISHMENT | ||
| 650 | _aBUILDING SURVEYS | ||
| 690 | _aBUILDING AND CONSTRUCTION-ENGINEERING | ||
| 942 | _n0 | ||
| 999 |
_c64418 _d64418 |
||